| 000 | 01073cam a22002534a 4500 | ||
|---|---|---|---|
| 008 | 210328m18301834fr bcd 000 0 fre d | ||
| 040 |
_aEG-GiCUC _bfre _cEG-GiCUC |
||
| 092 | 0 | 4 |
_a940.2740223 _bH67325 _221 |
| 099 |
_a04 _a940.2740223 H67325 |
||
| 245 | 0 | 0 |
_aHistoire scientifique et militaire de l'expedition française en Égypte / _cA.J. Dénain |
| 260 |
_aParis : _bDénain & Delamare, _c1830-1834 |
||
| 300 |
_a2 v. (34 p.-160 pl.; 34 p .- [150 pl.] - 3 charts) : _bcharts, pl. ; _c27x35 cm |
||
| 500 | _aContains: Map of Syria; Map of Lower Egypt; Map of Upper Egypt | ||
| 651 | 0 |
_aEgypt _xHistory _yFrench occupation, 1798-1801 _vAtlases |
|
| 651 | 0 |
_aEgypt _xHistory _yFrench occupation, 1798-1801 _vMaps |
|
| 651 | 0 |
_aSyria _xHistory _yFrench occupation, 1922-1943 _vAtlases |
|
| 651 | 0 |
_aSyria _xHistory _yFrench occupation, 1922-1943 _vMaps |
|
| 700 | 1 | _aDénain, A.-J | |
| 902 | _a1 | ||
| 905 |
_aAmro L. _eCat. |
||
| 905 |
_aJehan _eRev. |
||
| 942 |
_2ddc _cRARE BOOKS |
||
| 999 |
_c159310 _d159310 |
||